UFC rankings - Statistics

General Stats
  • This quiz has been taken 341 times
  • The average score is 15 of 33
Answer Stats
Rank Answer % Correct
3 Conor McGregor
91%
WELTERWEIGHT C Kamaru Usman
88%
1 Israel Adesanya
83%
LIGHTWEIGHT C Khabib Nurmagomedov
82%
2 Dustin Poirier
81%
4 Justin Gaethje
77%
MIDDLEWEIGHT C Robert Whittaker
75%
1 Tony Ferguson
75%
1 Tyron Woodley
67%
2 Colby Covington
65%
3 Jorge Masvidal
64%
4 Leon Edwards
58%
3 Yoel Romero
54%
2 Paulo Costa
50%
5 Rafael Dos Anjos
47%
6 Nate Diaz
44%
5 Donald Cerrone
40%
10 Anthony Pettis
38%
8 Darren Till
37%
9 Stephen Thompson
37%
4 Kelvin Gastelum
33%
9 Jared Cannonier
29%
8 Kevin Lee
29%
7 Chris Weidman
28%
9 Edson Barboza
26%
10 Demian Maia
23%
8 Derek Brunson
21%
5 Jack Hermansson
18%
7 Paul Felder
18%
6 Ronald Souza
10%
7 Santiago ponzinibbio
4%
6 Al laquinta
3%
10 Ian Heinisch
1%
No matching quizzes found
Score Distribution
Percent of People with Each Score
Percentile by Number Answered
Your Score History
You have not taken this quiz